| 000 | 00835nam a2200301Ia 4500 | ||
|---|---|---|---|
| 003 | OSt | ||
| 005 | 20240517094707.0 | ||
| 008 | 210210b1921 xxu||||| |||| 00| 0 eng d | ||
| 040 | _cAL | ||
| 041 | _aeng | ||
| 082 | _a954/627 | ||
| 100 |
_aIndia, (Archaeological Survey of) _9165522 |
||
| 245 | _aAnnual report of the Archaeological Survey of India: Southern circle Madras 1920-21 | ||
| 260 |
_aMadras _bSuperintendent Government Printing _c1921 |
||
| 300 | _a35 | ||
| 650 |
_aSurvey _9165523 |
||
| 650 |
_aSouthern _9165524 |
||
| 650 |
_areport _9165525 |
||
| 650 |
_aMadras _9165526 |
||
| 650 |
_aIndia: _9165527 |
||
| 650 |
_acircle _9165528 |
||
| 650 |
_aArchaeological _9165529 |
||
| 650 |
_aAnnual _9165530 |
||
| 650 |
_a1920-21 _9165531 |
||
| 690 |
_aIndian History _9165532 |
||
| 906 | _a002127 | ||
| 942 |
_2ddc _cBK |
||
| 999 |
_c120890 _d120890 |
||